000 00798cam a2200229 a 4500
001 2158401
005 20180123081236.0
008 990602s2000 njua b 001 0 eng
010 _a 99035189
020 _a013021020X
040 _aDLC
_cDLC
_dDLC
041 _aeng
080 _a808..027 DAW
082 0 0 _a808..027 DAW
_221
100 1 _a48
101 _aEDU
245 1 4 _aThe research paper and the World Wide Web /
_cDawn Rodrigues, Raymond J. Rodrigues.
504 _aIncludes bibliographical references (p. 173-174) and index.
906 _a7
_bcbc
_corignew
_d1
_eocip
_f19
_gy-gencatlg
942 _2ddc
_cBK
999 _c40788
_d40788